| 000 | 00000nam##2200000za#4500 |
| 001 | 9.566544 |
| 003 | CaOODSP |
| 005 | 20210624180335 |
| 007 | cr ||||||||||| |
| 008 | 150406|1999||||xxc|||||o f|0| 0 eng|d |
| 040 | |aCaOODSP|beng |
| 043 | |an-cn--- |
| 086 | 1 |aTU3-5/99-37E-PDF |
| 110 | 2 |aTransportation Safety Board of Canada. |
| 245 | 10|aOperating irregularity between Air Nova de Havilland Aircraft DHC-8-100 C-GONN and Inter-Canadien Avions de Transport Régional ATR-42-300 C-FTCP, Halifax International Airport, Nova Scotia 15 October 1999 |h[electronic resource] |
| 260 | |aGatineau - Quebec : |bTransportation Safety Board of Canada |c[2000]. |
| 300 | |a6p.|billus. |
| 490 | 1 |aAviation investigation report |vA99H0005 |
| 590 | |a10-10-Supp|b2010-11-09 |
| 775 | 08|tIrrégularité d'exploitation entre le de Havilland DHC-8-100 C-GONN d'Air Nova et l'ATR-42-300 C-FTCP d'Inter-Canadien à l'aéroport international de Halifax (Nouvelle-Écosse) le 15 octobre 1999 |w(CaOODSP)9.598015 |
| 830 | #0|aAviation investigation report ;|vA99H0005|w(CaOODSP)9.504825 |
| 856 | 40|ahttp://publications.gc.ca|qPDF|s97 KB|uhttps://publications.gc.ca/collections/collection_2009/bst-tsb/TU3-5-99-37E.pdf|yA99H0005 |